Hindu Astronomy / (Record no. 3233)
[ view plain ]
| 000 -LEADER | |
|---|---|
| fixed length control field | 00533nam a2200217Ia 4500 |
| 001 - CONTROL NUMBER | |
| control field | 3245 |
| 005 - DATE AND TIME OF LATEST TRANSACTION | |
| control field | 20240113233620.0 |
| 007 - PHYSICAL DESCRIPTION FIXED FIELD--GENERAL INFORMATION | |
| fixed length control field | ta |
| 008 - FIXED-LENGTH DATA ELEMENTS--GENERAL INFORMATION | |
| fixed length control field | 170811s1920 ii g b000 u 465 u |
| 040 ## - CATALOGING SOURCE | |
| Original cataloging agency | Cotton College,Assam |
| 041 ## - LANGUAGE CODE | |
| Language code of text/sound track or separate title | eng |
| 082 ## - DEWEY DECIMAL CLASSIFICATION NUMBER | |
| Classification number | 520 |
| Item number | Bh 469 As |
| 100 ## - MAIN ENTRY--PERSONAL NAME | |
| Personal name | Bhandarkar, D R . |
| 245 #0 - TITLE STATEMENT | |
| Title | Hindu Astronomy / |
| Statement of responsibility, etc. | D R Bhandarkar. |
| Medium | Textual Documents |
| 260 ## - PUBLICATION, DISTRIBUTION, ETC. | |
| Place of publication, distribution, etc. | New Delhi : |
| Name of publisher, distributor, etc. | GOI , |
| Date of publication, distribution, etc. | 1920. |
| 300 ## - PHYSICAL DESCRIPTION | |
| Dimensions | 30cm. |
| 653 ## - INDEX TERM--UNCONTROLLED | |
| Uncontrolled term | Astronomy |
| 942 ## - ADDED ENTRY ELEMENTS (KOHA) | |
| Source of classification or shelving scheme | Dewey Decimal Classification |
| Koha item type | Books |
| Withdrawn status | Lost status | Damaged status | Not for loan | Collection | Home library | Current library | Date acquired | Coded location qualifier | Total checkouts | Full call number | Barcode | Date last seen | Copy number | Price effective from | Koha item type |
|---|---|---|---|---|---|---|---|---|---|---|---|---|---|---|---|
| Dr. Suryya Kumar Bhuyan Library | Dr. Suryya Kumar Bhuyan Library | 01/02/2012 | 00000 | 520 Bh 469 As | 12/Ref | 13/01/2024 | 1 | 01/02/2012 | Books |
